TINI - Statistiques

Statistiques générales
  • Ce quiz a été pris 363 fois
  • Le résultat moyen est 11 sur 15
Statistiques - réponses
Hint Réponse % Correct
Quelle est la série qui l'a fait connaître ? Violetta
98%
Dans quel pays vit-elle ? Argentine
96%
En quelle année TINI a commencé sa carrière solo ? 2016
94%
En quelle année à commencé cette série ? 2012
92%
Quel est son métier ? Chanteuse
90%
Quel est le nom de son premier album ? TINI
86%
Dans quel pays en Europe TINI a-t-elle fait un concert pour son TINI Tour 2022 ? Espagne
80%
Avec quel footballeur TINI est-elle en couple ? (2022) Rodrigo De Paul
77%
Quel est le nom de son troisième album ? TINI TINI TINI
76%
Quel est le nom de son deuxième album ? Quiero Volver
75%
Quand est née TINI ? 21 mars 1997
68%
Quel est le nom de la musique qu'elle a sortie avec Beéle ? Fantasi
62%
Quel est le nom de la musique qui a le plus de vues sur sa chaîne ? Mienteme
60%
Quel chanson a-t-elle interprété au Premios Gardel 2022 ? Carne y hueso
42%
Quel est son nom de naissance ? Martina Stoessel Muzlera
14%
Aucun quiz correspondant
Distribution des résultats
% des personnes avec chaque résultat
Percentile par nombre de réponses
Votre historique - résultats
Vous n’avez pas pris ce quiz